| 000 | 00000nam##2200000za#4500 |
| 001 | 9.696760 |
| 003 | CaOODSP |
| 005 | 20210624235159 |
| 007 | cr ||||||||||| |
| 008 | 150407|2005||||xxc|||||o f|0| 0 eng|d |
| 040 | |aCaOODSP|beng |
| 043 | |an-cn--- |
| 086 | 1 |aH174-37/2005-1E-PDF |
| 110 | 1 |aCanada.|bHealth Council of Canada. |
| 245 | 14|aThe health status of Canada's First Nations, Métis, and Inuit peoples : |h[electronic resource]|ba background paper to accompany Health Care Renewal in Canada: Accelerating Change (January 2005) |
| 260 | |aToronto - Ontario : |bHealth Council of Canada |c[2005]. |
| 300 | |a79p.|breferences, tables |
| 590 | |a12-39-Supp|b2012-10-11 |
| 690 | 07|aIndigenous peoples|2gcpds |
| 690 | 07|aHealth|2gcpds |
| 775 | 08|tL'état de santé des Premières nations, des Métis et des Inuits du Canada : |w(CaOODSP)9.640868 |
| 856 | 40|ahttp://publications.gc.ca|qPDF|s281 KB|uhttps://publications.gc.ca/collections/collection_2012/ccs-hcc/H174-37-2005-1-eng.pdf |